005180000a2200169000450024500960000065000090009665000240010565000320012965000270016165100110018865100120019904100130021170000220022470000230024610000200026977300590028910aDistribution and habitat use of Neotropical migrant landbirds in the Amazon basin and Andes14aAves14aMigraciones de aves14aDistribución geográfica14aSelección de habitat 4pPerú 4pEcuador0 aInglés1 aTerborgh, John W.1 aFitzpatrick, J. W.1 aRobinson, S. K.1 tBird Conservation International3126h5q305-323d1995